[Event "NED-chT 1617"]
[Site "Netherlands"]
[Date "2017.04.01"]
[Round "8.2"]
[White "Ducarmon, Quinten"]
[Black "Soors, Stef"]
[Result "1/2-1/2"]
[WhiteElo "2467"]
[BlackElo "2398"]
[PlyCount "81"]
[EventDate "2016.09.17"]
[EventType "team-tourn"]
[EventRounds "9"]
[EventCountry "NED"]
[SourceTitle "EXT 2018"]
[Source "ChessBase"]
[SourceDate "2017.10.13"]
[SourceVersion "1"]
[SourceVersionDate "2017.10.13"]
[SourceQuality "1"]
[WhiteTeam "Kennemer Combinatie"]
[BlackTeam "Charlois Europoort"]
[WhiteTeamCountry "NED"]
[BlackTeamCountry "NED"]

1. e4 c6 2. d4 d5 3. e5 Bf5 4. Nf3 e6 5. Be2 Ne7 6. 0-0 Bg6 7. Nbd2 Nf5 8. c4 Nd7 9. cxd5 cxd5 10. Nb3 Rc8 11. h3 Be7 12. g4 Nh4 13. Nxh4 Bxh4 14. Be3 a6 15. f4 Be4 16. Bf3 Bc2 17. Qd2 h5 18. Nc5 Nxc5 19. dxc5 hxg4 20. hxg4 Bg6 21. Kg2 Be7 22. b4 f5 23. exf6 gxf6 24. Rae1 Rg8 25. Bf2 Be4 26. Bxe4 dxe4 27. Qxd8+ Rxd8 28. Rxe4 Rxg4+ 29. Kf3 Rd3+ 30. Be3 Rh4 31. Rxe6 Kf7 32. f5 Rh3+ 33. Ke2 Ra3 34. Rd1 Rh2+ 35. Kf3 Rh3+ 36. Kf4 Bf8 37. Rd7+ Kg8 38. Rd8 Kf7 39. Rd7+ Kg8 40. Rd8 Kf7 41. Rd7+ 1/2-1/2

[Event "Olympiad-42"]
[Site "Baku"]
[Date "2016.09.12"]
[Round "10.2"]
[White "Babarykin, Stanislav"]
[Black "Soors, Stef"]
[Result "0-1"]
[WhiteElo "2339"]
[BlackElo "2398"]
[PlyCount "103"]
[EventDate "2016.09.02"]
[EventType "team-swiss"]
[EventRounds "11"]
[EventCountry "AZE"]
[SourceTitle "CBM 175"]
[Source "ChessBase"]
[SourceDate "2016.11.10"]
[SourceVersion "1"]
[SourceVersionDate "2016.11.10"]
[SourceQuality "1"]
[WhiteTeam "IBCA"]
[BlackTeam "Belgium"]
[BlackTeamCountry "BEL"]

1. d4 Nf6 2. Bf4 e6 3. e3 c5 4. c3 Nc6 5. Nf3 d5 6. Nbd2 Bd6 7. Bg3 0-0 8. Bd3 b6 9. Ne5 Bb7 10. f4 Ne7 11. Qf3 Nf5 12. Bf2 Be7 13. 0-0 Nd6 14. Bh4 Nfe4 15. Bxe7 Qxe7 16. Rad1 f6 17. Ng4 b5 18. dxc5 Nxc5 19. Bc2 a5 20. Qh3 g6 21. a3 Na4 22. Rb1 Bc6 23. Qh4 Nb6 24. Rfe1 Ne4 25. Nxe4 dxe4 26. Rbd1 Ra7 27. Nf2 f5 28. Qxe7 Rxe7 29. Re2 Bd5 30. Rb1 Rc8 31. Nd1 Rec7 32. Ra1 h6 33. Kf2 g5 34. g3 Kg7 35. Rd2 Kf6 36. Rd4 h5 37. Ke2 Rh8 38. Nf2 gxf4 39. exf4 Bc4+ 40. Kd2 a4 41. Re1 Bd5 42. Kc1 Rc4 43. Rd2 Rc7 44. Rd4 Nc4 45. Bd1 Na5 46. Kb1 Nc6 47. Rd2 Rg7 48. Nh3 h4 49. g4 fxg4 50. Ng5 Kf5 51. Rg1 Ne5 52. fxe5 0-1

[Event "Olympiad-42"]
[Site "Baku"]
[Date "2016.09.09"]
[Round "7.2"]
[White "Soors, Stef"]
[Black "Iotov, Valentin Dimitrov"]
[Result "1-0"]
[WhiteElo "2398"]
[BlackElo "2518"]
[PlyCount "93"]
[EventDate "2016.09.02"]
[EventType "team-swiss"]
[EventRounds "11"]
[EventCountry "AZE"]
[SourceTitle "CBM 175"]
[Source "ChessBase"]
[SourceDate "2016.11.10"]
[SourceVersion "1"]
[SourceVersionDate "2016.11.10"]
[SourceQuality "1"]
[WhiteTeam "Belgium"]
[BlackTeam "Bulgaria"]
[WhiteTeamCountry "BEL"]
[BlackTeamCountry "BUL"]

1. Nf3 d5 2. g3 c6 3. Bg2 Bg4 4. 0-0 e6 5. d3 Nf6 6. h3 Bh5 7. Qe1 Be7 8. g4 Bg6 9. Nh4 Bc5 10. e3 Nxg4 11. Nxg6 hxg6 12. hxg4 Qh4 13. f4 Qh2+ 14. Kf2 Qxf4+ 15. Ke2 Qxg4+ 16. Bf3 Rh2+ 17. Rf2 Qg3 18. Rxh2 Qxh2+ 19. Qf2 Qxf2+ 20. Kxf2 Nd7 21. Nd2 f5 22. Nb3 Bb6 23. Bd2 g5 24. a4 a6 25. Be2 g4 26. Rh1 Kf7 27. Kg2 Nf6 28. Na5 Rb8 29. b4 g5 30. Bc3 Bxe3 31. Be5 Rg8 32. Rh6 Rg6 33. Rxg6 Kxg6 34. Nxb7 Nd7 35. d4 Nxe5 36. dxe5 Bd2 37. Nd8 Bxb4 38. Nxc6 Bc3 39. Bxa6 f4 40. Bd3+ Kh5 41. a5 Be1 42. a6 f3+ 43. Kf1 Bd2 44. Kf2 d4 45. Nxd4 Ba5 46. Nc6 Bb6+ 47. Kg3 1-0

[Event "Olympiad-42"]
[Site "Baku"]
[Date "2016.09.02"]
[Round "1.2"]
[White "Espirito Santo, Waldyr"]
[Black "Soors, Stef"]
[Result "0-1"]
[WhiteElo "1915"]
[BlackElo "2398"]
[PlyCount "74"]
[EventDate "2016.09.02"]
[EventType "team-swiss"]
[EventRounds "11"]
[EventCountry "AZE"]
[SourceTitle "CBM 175"]
[Source "ChessBase"]
[SourceDate "2016.11.10"]
[SourceVersion "1"]
[SourceVersionDate "2016.11.10"]
[SourceQuality "1"]
[WhiteTeam "Sao Tome and Principe"]
[BlackTeam "Belgium"]
[WhiteTeamCountry "SAO"]
[BlackTeamCountry "BEL"]

1. e4 c6 2. d4 d5 3. Nc3 dxe4 4. Nxe4 Bf5 5. Ng3 Bg6 6. h4 h6 7. h5 Bh7 8. Nf3 e6 9. Bd3 Bxd3 10. Qxd3 Nf6 11. Bd2 Be7 12. 0-0-0 0-0 13. Kb1 c5 14. Bc1 Nc6 15. c3 cxd4 16. Nxd4 Nxd4 17. cxd4 Qd5 18. f3 Rac8 19. Ne4 Rfd8 20. g4 Qc4 21. Nc3 Nd5 22. Nxd5 Rxd5 23. f4 Qxd3+ 24. Rxd3 Rcd8 25. Rhd1 f5 26. g5 hxg5 27. fxg5 e5 28. g6 e4 29. Rb3 b6 30. Be3 Bd6 31. Rf1 f4 32. Bg1 Rxh5 33. Bf2 Re8 34. Rc3 e3 35. Rc6 Bb4 36. Bxe3 fxe3 37. Rf7 e2 0-1

[Event "NED-chT 1516"]
[Site "Netherlands"]
[Date "2016.04.23"]
[Round "9.3"]
[White "Soors, Stef"]
[Black "Klein, David"]
[Result "0-1"]
[WhiteElo "2392"]
[BlackElo "2509"]
[PlyCount "80"]
[EventDate "2015.09.26"]
[EventType "team-tourn"]
[EventRounds "9"]
[EventCountry "NED"]
[SourceTitle "EXT 2017"]
[Source "ChessBase"]
[SourceDate "2016.10.25"]
[SourceVersion "1"]
[SourceVersionDate "2016.10.25"]
[SourceQuality "1"]
[WhiteTeam "Charlois Europoort"]
[BlackTeam "Groningen Combinatie"]
[WhiteTeamCountry "NED"]
[BlackTeamCountry "NED"]

1. e4 c5 2. c3 e6 3. Nf3 d5 4. exd5 exd5 5. d4 Nf6 6. Bg5 Be7 7. dxc5 Bxc5 8. Bxf6 Qxf6 9. Bb5+ Nc6 10. Qxd5 Qe7+ 11. Qe5 Be6 12. 0-0 0-0 13. Qe4 Rad8 14. Nbd2 Qd7 15. Nb3 Bb6 16. Ne5 Qd5 17. Bxc6 bxc6 18. Qxd5 Bxd5 19. c4 Be4 20. Rfe1 f5 21. Rad1 Rxd1 22. Rxd1 Re8 23. Nf3 a5 24. Rd7 a4 25. Nbd2 Bc2 26. Kf1 h6 27. h4 Ba5 28. Rd6 Rb8 29. b3 c5 30. Ra6 Bc3 31. Rxa4 Rd8 32. Ke2 Re8+ 33. Kf1 g5 34. hxg5 hxg5 35. Ra7 Rd8 36. Ke2 g4 37. Ke3 gxf3 38. Nxf3 Rd6 39. Rc7 Re6+ 40. Kf4 Rg6 0-1

[Event "Amsterdam Batavia Grolsch 8th"]
[Site "Amsterdam"]
[Date "2016.02.26"]
[Round "7"]
[White "Haast, Anne"]
[Black "Soors, Stef"]
[Result "1/2-1/2"]
[WhiteElo "2381"]
[BlackElo "2390"]
[PlyCount "50"]
[EventDate "2016.02.19"]
[EventType "tourn"]
[EventRounds "9"]
[EventCountry "NED"]
[EventCategory "8"]
[SourceTitle "CBM 171 Extra"]
[Source "ChessBase"]
[SourceDate "2016.04.26"]
[SourceVersion "1"]
[SourceVersionDate "2016.04.26"]
[SourceQuality "1"]

1. e4 c6 2. d4 d5 3. Nc3 dxe4 4. Nxe4 Bf5 5. Ng3 Bg6 6. h4 h6 7. Nf3 e6 8. Ne5 Bh7 9. Bd3 Bxd3 10. Qxd3 Nd7 11. f4 Bb4+ 12. c3 Bd6 13. Ne4 Ndf6 14. Bd2 Nxe4 15. Qxe4 Nf6 16. Qe2 h5 17. 0-0-0 0-0 18. Kb1 Bc7 19. Rh3 Qd5 20. Re1 Rad8 21. Rg3 Bxe5 22. Rg5 Qe4+ 23. Qxe4 Nxe4 24. Rxe4 Bf6 25. Rxh5 Rd5 1/2-1/2

[Event "Amsterdam Batavia Grolsch blitz 8th"]
[Site "Amsterdam"]
[Date "2016.02.18"]
[Round "1"]
[White "Soors, Stef"]
[Black "Haast, Anne"]
[Result "1-0"]
[WhiteElo "2390"]
[BlackElo "2381"]
[PlyCount "83"]
[EventDate "2016.02.18"]
[EventType "tourn (blitz)"]
[EventRounds "9"]
[EventCountry "NED"]
[EventCategory "8"]
[SourceTitle "CBM 170 Extra"]
[Source "ChessBase"]
[SourceDate "2016.02.25"]
[SourceVersion "1"]
[SourceVersionDate "2016.02.25"]
[SourceQuality "1"]

1. Nf3 d5 2. g3 g6 3. Bg2 Bg7 4. d4 Nf6 5. 0-0 0-0 6. b3 Bf5 7. Bb2 Qc8 8. Re1 c6 9. c4 h5 10. Nc3 Na6 11. Rc1 dxc4 12. bxc4 Rd8 13. Qb3 Ne4 14. e3 Nxc3 15. Bxc3 Be4 16. h4 Rb8 17. a4 Qf5 18. Ng5 Bxg2 19. Kxg2 Bh6 20. e4 Qc8 21. Qb2 Bxg5 22. hxg5 Qg4 23. Bd2 e5 24. f3 Qd7 25. d5 Re8 26. Bc3 Nc5 27. Qc2 Rbc8 28. Rcd1 cxd5 29. cxd5 Nxa4 30. Rd3 b5 31. Qd2 Nxc3 32. Rxc3 Qd6 33. Rec1 Rxc3 34. Qxc3 b4 35. Qb3 a5 36. Rc6 Qb8 37. d6 Qb5 38. Rc7 Qe2+ 39. Kh3 Qf1+ 40. Kh2 Qf2+ 41. Kh3 Qg1 42. Qxf7+ 1-0

[Event "Amsterdam Batavia Grolsch blitz 8th"]
[Site "Amsterdam"]
[Date "2016.02.18"]
[Round "4"]
[White "Soors, Stef"]
[Black "Pijpers, Arthur"]
[Result "0-1"]
[WhiteElo "2390"]
[BlackElo "2476"]
[PlyCount "89"]
[EventDate "2016.02.18"]
[EventType "tourn (blitz)"]
[EventRounds "9"]
[EventCountry "NED"]
[EventCategory "8"]
[SourceTitle "CBM 170 Extra"]
[Source "ChessBase"]
[SourceDate "2016.02.25"]
[SourceVersion "1"]
[SourceVersionDate "2016.02.25"]
[SourceQuality "1"]

1. Nf3 d5 2. g3 g6 3. Bg2 Bg7 4. d4 c6 5. 0-0 Nf6 6. b3 0-0 7. Bb2 a5 8. c4 a4 9. bxa4 dxc4 10. Na3 Be6 11. Ng5 Bd5 12. e4 h6 13. exd5 hxg5 14. dxc6 Nxc6 15. Nxc4 Na5 16. Nxa5 Qxa5 17. Bxb7 Rab8 18. Qf3 Qb4 19. Bc6 Qxb2 20. d5 g4 21. Qe3 Qb4 22. Rfe1 Rfd8 23. Rad1 Bf8 24. Rd4 Qc5 25. Rc1 Qa7 26. Qd2 Bg7 27. Rd3 Nd7 28. Qe3 Qxe3 29. Rxe3 Ne5 30. Rb3 Nxc6 31. dxc6 Ra8 32. Rb5 Rdc8 33. c7 Kf8 34. a5 Ke8 35. a4 e6 36. Rc4 f5 37. Rb6 Kd7 38. Rcc6 Rxc7 39. Rd6+ Kc8 40. Rxe6 Rxa5 41. Rxg6 Bd4 42. Rbd6 Bc5 43. Rc6 Kb7 44. Rxc7+ Kxc7 45. Rf6 0-1

[Event "Leiden Noteboom Memorial 76th"]
[Site "Leiden"]
[Date "2016.02.07"]
[Round "5"]
[White "Soors, Stef"]
[Black "Bosman, Michiel"]
[Result "1/2-1/2"]
[WhiteElo "2390"]
[BlackElo "2322"]
[PlyCount "77"]
[EventDate "2016.02.05"]
[EventType "swiss"]
[EventRounds "6"]
[EventCountry "NED"]
[SourceTitle "CBM 170 Extra"]
[Source "ChessBase"]
[SourceDate "2016.02.25"]
[SourceVersion "1"]
[SourceVersionDate "2016.02.25"]
[SourceQuality "1"]

1. e4 e5 2. Nf3 Nc6 3. Nc3 Nf6 4. d4 exd4 5. Nxd4 Bb4 6. Nxc6 bxc6 7. Bd3 d5 8. exd5 cxd5 9. 0-0 0-0 10. h3 c6 11. Qf3 Rb8 12. Bf4 Bd6 13. b3 Rb7 14. Rfe1 Re7 15. Bxd6 Qxd6 16. Rxe7 Qxe7 17. Qe3 Re8 18. Re1 Kf8 19. Qxe7+ Rxe7 20. Kf1 Rxe1+ 21. Kxe1 Ke7 22. b4 Kd6 23. Kd2 h6 24. Ke3 Ne8 25. h4 g5 26. hxg5 hxg5 27. g3 Ng7 28. Na4 Bf5 29. Nc5 Bxd3 30. Kxd3 Nf5 31. c3 f6 32. a4 Nh6 33. a5 Ng4 34. f3 Ne5+ 35. Ke3 Nc4+ 36. Kd4 Nd2 37. Ke3 Nc4+ 38. Kd4 Nd2 39. Ke3 1/2-1/2

[Event "Groningen op-A 53rd"]
[Site "Groningen"]
[Date "2015.12.24"]
[Round "4"]
[White "Soors, Stef"]
[Black "Baskin, Robert"]
[Result "1/2-1/2"]
[WhiteElo "2398"]
[BlackElo "2351"]
[PlyCount "129"]
[EventDate "2015.12.21"]
[EventType "swiss"]
[EventRounds "9"]
[EventCountry "NED"]
[SourceTitle "CBM 170 Extra"]
[Source "ChessBase"]
[SourceDate "2016.02.25"]
[SourceVersion "1"]
[SourceVersionDate "2016.02.25"]
[SourceQuality "1"]

1. e4 c5 2. c3 d5 3. exd5 Qxd5 4. d4 Nf6 5. Nf3 Nc6 6. Be2 cxd4 7. cxd4 e6 8. 0-0 Be7 9. Nc3 Qd6 10. Nb5 Qd8 11. Bf4 Nd5 12. Bg3 a6 13. Nc3 0-0 14. Rc1 Nxc3 15. bxc3 b5 16. c4 bxc4 17. Bxc4 Bb7 18. d5 exd5 19. Bxd5 Rc8 20. Ne5 Nxe5 21. Bxb7 Rxc1 22. Qxc1 Qa5 23. Bxe5 Qxe5 24. Bxa6 Bc5 25. Qd2 Qf6 26. Qe2 Rd8 27. Bc4 g6 28. Bb3 h5 29. Rc1 Bb6 30. g3 h4 31. Rc4 Rd4 32. Rxd4 Bxd4 33. gxh4 Kg7 34. Kg2 Qxh4 35. Qf3 f5 36. h3 Qe4 37. Qxe4 fxe4 38. Kf1 Kf6 39. Ke2 g5 40. Bd5 Ke5 41. Bc6 Kf4 42. a4 Ba7 43. a5 Bd4 44. a6 Ba7 45. f3 exf3+ 46. Bxf3 Ke5 47. Kd3 Kf6 48. Kc4 Kg7 49. Kd5 Kh8 50. Kc6 Bg1 51. Kb7 Bf2 52. a7 Bxa7 53. Kxa7 Kg8 54. Kb6 Kh8 55. Kc5 Kg8 56. Kd6 Kg7 57. Ke6 Kh8 58. Kf6 Kh7 59. Bd5 Kh8 60. Be4 Kg8 61. Kg6 Kh8 62. Kh6 Kg8 63. Bf5 Kh8 64. Be6 g4 65. hxg4 1/2-1/2

[Event "BEL-chT 1516"]
[Site "Belgium"]
[Date "2015.11.29"]
[Round "5.2"]
[White "Soors, Stef"]
[Black "Dambacher, Martijn"]
[Result "1/2-1/2"]
[WhiteElo "2392"]
[BlackElo "2490"]
[PlyCount "109"]
[EventDate "2015.09.27"]
[EventType "team-tourn"]
[EventRounds "11"]
[EventCountry "BEL"]
[SourceTitle "EXT 2017"]
[Source "ChessBase"]
[SourceDate "2016.10.25"]
[SourceVersion "1"]
[SourceVersionDate "2016.10.25"]
[SourceQuality "1"]
[WhiteTeam "Liege Crelel"]
[BlackTeam "Eynatten"]
[WhiteTeamCountry "BEL"]
[BlackTeamCountry "BEL"]

1. e4 e5 2. Nf3 Nc6 3. Nc3 Nf6 4. d4 exd4 5. Nxd4 Bb4 6. Nxc6 bxc6 7. Bd3 d5 8. exd5 cxd5 9. 0-0 0-0 10. h3 c6 11. Qf3 Re8 12. Bf4 Bd6 13. Rfe1 Be6 14. Ne2 Qb8 15. Bxd6 Qxd6 16. Qf4 Qxf4 17. Nxf4 Bd7 18. h4 a5 19. f3 Reb8 20. b3 a4 21. g4 Rb4 22. Ne2 c5 23. c3 Rb6 24. Nf4 Be6 25. Bc2 axb3 26. axb3 Rba6 27. Ra4 Rxa4 28. bxa4 Ra6 29. Rb1 Kf8 30. Rb7 h6 31. Rc7 Ra5 32. Bg6 Bd7 33. g5 hxg5 34. hxg5 Rxa4 35. Nd3 fxg6 36. gxf6 Bf5 37. fxg7+ Kg8 38. Nxc5 Rc4 39. Na6 Bc8 40. Nc5 Bf5 41. Na6 Bc8 42. Rxc4 dxc4 43. Nc7 Kxg7 44. Kf2 Kf6 45. f4 Kf5 46. Ke3 g5 47. fxg5 Kxg5 48. Kd4 Kf6 49. Kxc4 Ke7 50. Kc5 Bh3 51. Nd5+ Kd7 52. Ne3 Be6 53. Kb6 Kd6 54. c4 Bxc4 55. Nxc4+ 1/2-1/2

[Event "EU-chT (Men) 20th"]
[Site "Reykjavik"]
[Date "2015.11.20"]
[Round "7.4"]
[White "Nilssen, John Arni"]
[Black "Soors, Stef"]
[Result "0-1"]
[WhiteElo "2274"]
[BlackElo "2394"]
[PlyCount "100"]
[EventDate "2015.11.13"]
[EventType "team-swiss"]
[EventRounds "9"]
[EventCountry "ISL"]
[SourceTitle "CBM 170"]
[Source "ChessBase"]
[SourceDate "2016.01.15"]
[SourceVersion "1"]
[SourceVersionDate "2016.01.15"]
[SourceQuality "1"]
[WhiteTeam "Faroe Islands"]
[BlackTeam "Belgium"]
[WhiteTeamCountry "FAI"]
[BlackTeamCountry "BEL"]

1. d4 Nf6 2. c4 e6 3. Nc3 Bb4 4. Qc2 Nc6 5. e3 e5 6. dxe5 Nxe5 7. Bd2 c6 8. Nf3 Qe7 9. Nd4 0-0 10. Be2 d5 11. cxd5 cxd5 12. a3 Bc5 13. Nb3 Rd8 14. Nxc5 Qxc5 15. Rc1 d4 16. exd4 Qxd4 17. Be3 Qh4 18. 0-0 Be6 19. Rcd1 Rxd1 20. Rxd1 Nfg4 21. Bxg4 Qxg4 22. Qe4 Qxe4 23. Nxe4 b6 24. Nd6 Rd8 25. Rd2 Kf8 26. Bf4 Ng6 27. Nb5 Rxd2 28. Bxd2 a6 29. Bb4+ Ke8 30. Nc7+ Kd7 31. Nxe6 Kxe6 32. Bc3 f6 33. Kf1 Kd5 34. Ke1 Nh4 35. g3 Nf3+ 36. Ke2 Ke4 37. h4 h5 38. Bb4 g5 39. Be7 gxh4 40. gxh4 f5 41. Bf6 Kf4 42. a4 Kg4 43. b4 b5 44. axb5 axb5 45. Ke3 Nxh4 46. Kd4 Nf3+ 47. Kc5 Ng5 48. Kxb5 h4 49. f3+ Kxf3 50. Bxg5 h3 0-1

[Event "EU-chT (Men) 20th"]
[Site "Reykjavik"]
[Date "2015.11.14"]
[Round "2.4"]
[White "Can, Emre"]
[Black "Soors, Stef"]
[Result "1-0"]
[WhiteElo "2535"]
[BlackElo "2394"]
[PlyCount "69"]
[EventDate "2015.11.13"]
[EventType "team-swiss"]
[EventRounds "9"]
[EventCountry "ISL"]
[SourceTitle "CBM 170"]
[Source "ChessBase"]
[SourceDate "2016.01.15"]
[SourceVersion "1"]
[SourceVersionDate "2016.01.15"]
[SourceQuality "1"]
[WhiteTeam "Turkey"]
[BlackTeam "Belgium"]
[WhiteTeamCountry "TUR"]
[BlackTeamCountry "BEL"]

1. Nf3 Nf6 2. c4 c5 3. d4 cxd4 4. Nxd4 g6 5. Nc3 d5 6. Nf3 e6 7. cxd5 exd5 8. Bg5 Be7 9. e3 Nc6 10. Be2 Be6 11. 0-0 h6 12. Bh4 g5 13. Bg3 Ne4 14. Nd4 Nxg3 15. hxg3 Nxd4 16. Qxd4 0-0 17. Bf3 Bf6 18. Qb4 a5 19. Qb5 d4 20. Rad1 Bd7 21. Qxb7 Rb8 22. Qa7 g4 23. Ne4 Bg7 24. Be2 Bc6 25. Nc3 Rxb2 26. exd4 Rc2 27. Qc5 Ba8 28. Bxg4 Re8 29. Bf5 Rb2 30. a3 Qg5 31. Rfe1 Rd8 32. Qxa5 Bxd4 33. Rxd4 Rxd4 34. Re8+ Kg7 35. Qe5+ 1-0

[Event "BEL-chT 1516"]
[Site "Belgium"]
[Date "2015.11.08"]
[Round "3.4"]
[White "Tiggelman, Rene"]
[Black "Soors, Stef"]
[Result "0-1"]
[WhiteElo "2268"]
[BlackElo "2392"]
[PlyCount "118"]
[EventDate "2015.09.27"]
[EventType "team-tourn"]
[EventRounds "11"]
[EventCountry "BEL"]
[SourceTitle "EXT 2017"]
[Source "ChessBase"]
[SourceDate "2016.10.25"]
[SourceVersion "1"]
[SourceVersionDate "2016.10.25"]
[SourceQuality "1"]
[WhiteTeam "Jean Jaures"]
[BlackTeam "Liege Crelel"]
[WhiteTeamCountry "BEL"]
[BlackTeamCountry "BEL"]

1. d4 Nf6 2. Nf3 e6 3. c4 Bb4+ 4. Bd2 a5 5. g3 d6 6. Bg2 Nbd7 7. 0-0 e5 8. Nc3 0-0 9. Qc2 Re8 10. dxe5 Nxe5 11. b3 c6 12. a3 Nxf3+ 13. Bxf3 Bc5 14. e3 Bg4 15. Bg2 Qc8 16. Na4 Bf5 17. Qb2 Ne4 18. Nxc5 dxc5 19. Bc1 Bh3 20. f3 Ng5 21. e4 Bxg2 22. Kxg2 Qh3+ 23. Kg1 Ne6 24. Be3 f5 25. exf5 Qxf5 26. Rad1 Rad8 27. g4 Qg6 28. Rxd8 Rxd8 29. Qe5 h5 30. h3 Rd3 31. Kf2 Rxb3 32. gxh5 Qc2+ 33. Kg1 Qxc4 34. Rd1 Nd4 35. Qe8+ Kh7 36. Qg6+ Kh8 37. Bxd4 cxd4 38. Re1 Re3 39. Rxe3 Qc1+ 40. Kg2 Qd2+ 41. Kf1 Qxe3 42. Qf5 Qc1+ 43. Kf2 Qb2+ 44. Kg3 Qb5 45. Qf4 Qd5 46. h6 gxh6 47. Qxh6+ Kg8 48. Qg6+ Kf8 49. Qd3 c5 50. Kf2 c4 51. Qe4 Qxe4 52. fxe4 b5 53. Ke2 b4 54. axb4 axb4 55. Kd2 b3 56. h4 c3+ 57. Kc1 d3 58. h5 b2+ 59. Kb1 d2 0-1

[Event "NED-chT 1516"]
[Site "Netherlands"]
[Date "2015.09.26"]
[Round "1.8"]
[White "Soors, Stef"]
[Black "Van de Griendt, Jan Willem"]
[Result "1-0"]
[WhiteElo "2392"]
[BlackElo "2352"]
[PlyCount "67"]
[EventDate "2015.09.26"]
[EventType "team-tourn"]
[EventRounds "9"]
[EventCountry "NED"]
[SourceTitle "CBM 168 Extra"]
[Source "ChessBase"]
[SourceDate "2015.10.29"]
[SourceVersion "1"]
[SourceVersionDate "2015.10.29"]
[SourceQuality "1"]
[WhiteTeam "Charlois Europoort"]
[BlackTeam "En Passant"]
[WhiteTeamCountry "NED"]
[BlackTeamCountry "NED"]

1. e4 e6 2. d4 d5 3. Nd2 a6 4. Ngf3 c5 5. dxc5 Bxc5 6. Bd3 Ne7 7. 0-0 Nbc6 8. exd5 exd5 9. Nb3 Ba7 10. Re1 0-0 11. Be3 Bb8 12. c3 Ng6 13. Bc5 Bd6 14. Bxd6 Qxd6 15. h3 Nf4 16. Nbd4 Qf6 17. Bf1 Bd7 18. Qb3 Rab8 19. Re3 Nxd4 20. Nxd4 b5 21. Qb4 Qb6 22. Rd1 a5 23. Qe7 Rbd8 24. Rd2 b4 25. cxb4 axb4 26. Rb3 Rfe8 27. Qxb4 Qg6 28. Rg3 Qb1 29. Re3 Rxe3 30. fxe3 Ng6 31. Qd6 Qc1 32. Rf2 Qxe3 33. Nc6 Qb6 34. Ne7+ 1-0

[Event "Vienna op"]
[Site "Vienna"]
[Date "2015.08.15"]
[Round "1"]
[White "Uta, Adeline Ramona"]
[Black "Soors, Stef"]
[Result "0-1"]
[WhiteElo "2057"]
[BlackElo "2407"]
[PlyCount "62"]
[EventDate "2015.08.15"]
[EventType "swiss"]
[EventRounds "9"]
[EventCountry "AUT"]
[SourceTitle "EXT 2016"]
[Source "ChessBase"]
[SourceDate "2015.10.08"]
[SourceVersion "1"]
[SourceVersionDate "2015.10.08"]
[SourceQuality "1"]

1. c4 e5 2. g3 Nf6 3. Bg2 Nc6 4. Nc3 Bc5 5. e3 a6 6. Nge2 d6 7. 0-0 0-0 8. d4 Ba7 9. a3 Bf5 10. b4 Re8 11. Bb2 exd4 12. Nxd4 Nxd4 13. exd4 c6 14. b5 axb5 15. cxb5 d5 16. bxc6 bxc6 17. Rc1 Qa5 18. Qd2 Rab8 19. Rfd1 Qb6 20. Ba1 Qb3 21. Qf4 Bc2 22. Rd2 Bg6 23. a4 Qb4 24. Bf1 Bb6 25. Na2 Qxa4 26. f3 Rbc8 27. Qd6 Red8 28. Qe7 h6 29. Bh3 Rb8 30. Qb4 Qxb4 31. Nxb4 Ba5 0-1

[Event "Charleroi op"]
[Site "Charleroi"]
[Date "2015.08.07"]
[Round "8"]
[White "Reinhart, Emmanuel"]
[Black "Soors, Stef"]
[Result "0-1"]
[WhiteElo "2343"]
[BlackElo "2407"]
[PlyCount "78"]
[EventDate "2015.08.01"]
[EventType "swiss"]
[EventRounds "9"]
[EventCountry "BEL"]
[SourceTitle "CBM 167 Extra"]
[Source "ChessBase"]
[SourceDate "2015.09.14"]
[SourceVersion "1"]
[SourceVersionDate "2015.09.14"]
[SourceQuality "1"]

1. e4 c6 2. c4 d5 3. cxd5 cxd5 4. exd5 Nf6 5. Nc3 Nxd5 6. Nf3 Nxc3 7. bxc3 Qc7 8. d4 g6 9. Qb3 Bg7 10. Bd3 0-0 11. 0-0 Nc6 12. Ba3 Be6 13. Qc2 Rfd8 14. Rfe1 Bd5 15. Be4 e6 16. Rab1 Rac8 17. Bxd5 Rxd5 18. Qe4 Ra5 19. Bc1 Rxa2 20. c4 Na5 21. Bd2 b6 22. c5 bxc5 23. d5 exd5 24. Qxd5 c4 25. Rb5 Rd8 26. Rxa5 Rxd5 27. Rxd5 Ra1 28. Bc1 Bc3 29. Red1 Qb7 30. Rd8+ Kg7 31. h4 Bb2 32. Be3 Rxd1+ 33. Rxd1 Bf6 34. Nd4 Qd5 35. g4 Kg8 36. g5 Be5 37. Kf1 c3 38. Ke2 Qc4+ 39. Rd3 Bxd4 0-1

[Event "Charleroi op"]
[Site "Charleroi"]
[Date "2015.08.02"]
[Round "2"]
[White "Werner, Ivan"]
[Black "Soors, Stef"]
[Result "1/2-1/2"]
[WhiteElo "2030"]
[BlackElo "2407"]
[PlyCount "112"]
[EventDate "2015.08.01"]
[EventType "swiss"]
[EventRounds "9"]
[EventCountry "BEL"]
[SourceTitle "CBM 167 Extra"]
[Source "ChessBase"]
[SourceDate "2015.09.14"]
[SourceVersion "1"]
[SourceVersionDate "2015.09.14"]
[SourceQuality "1"]

1. e4 c6 2. Ne2 d5 3. e5 Bg4 4. h3 Bxe2 5. Bxe2 e6 6. d4 c5 7. c3 Nc6 8. Be3 Qb6 9. Qb3 cxd4 10. Qxb6 axb6 11. cxd4 Nge7 12. Nc3 Nf5 13. 0-0-0 f6 14. exf6 gxf6 15. Kb1 Bb4 16. Nb5 Kd7 17. a3 Bf8 18. Rhe1 Nxe3 19. fxe3 f5 20. g4 Bh6 21. gxf5 exf5 22. Bf3 Ne7 23. Rc1 Rac8 24. Rxc8 Rxc8 25. Nc3 Kd6 26. Nb5+ Ke6 27. Rg1 Kd7 28. Nc3 Ke6 29. Nb5 Rf8 30. Nc7+ Kd6 31. Nb5+ Ke6 32. Nc7+ Kd6 33. Nb5+ Kd7 34. Rc1 Rb8 35. Rc7+ Kd8 36. Rc3 Rc8 37. Rxc8+ Kxc8 38. Nc3 Bxe3 39. Nxd5 Nxd5 40. Bxd5 Kc7 41. Be6 f4 42. Bf5 h6 43. d5 f3 44. Be4 f2 45. Bg2 Kd6 46. Kc2 Ke5 47. Kd3 Kf4 48. Ke2 Kg3 49. Kf1 Bc1 50. d6 Bxb2 51. d7 Bf6 52. Bxb7 Bh4 53. Bd5 Kxh3 54. d8Q Bxd8 55. Kxf2 Kg4 56. a4 Kf4 1/2-1/2

[Event "Reykjavik op"]
[Site "Reykjavik"]
[Date "2015.03.18"]
[Round "10"]
[White "Soors, Stef"]
[Black "Karason, Askell Orn"]
[Result "0-1"]
[WhiteElo "2408"]
[BlackElo "2274"]
[PlyCount "79"]
[EventDate "2015.03.10"]
[EventType "swiss"]
[EventRounds "10"]
[EventCountry "ISL"]
[SourceTitle "CBM 165 Extra"]
[Source "ChessBase"]
[SourceDate "2015.04.21"]
[SourceVersion "1"]
[SourceVersionDate "2015.04.21"]
[SourceQuality "1"]

1. e4 d6 2. d4 Nf6 3. Nc3 g6 4. Be3 a6 5. Be2 Bg7 6. h4 h5 7. Nf3 b5 8. Ng5 0-0 9. f3 Nbd7 10. g4 e5 11. d5 Re8 12. Bd3 Nc5 13. Ne2 hxg4 14. Ng3 Nxd3+ 15. Qxd3 Nh5 16. Nxh5 gxh5 17. Rf1 f6 18. Ne6 Rxe6 19. dxe6 Bxe6 20. Rg1 Kh8 21. fxg4 Bxg4 22. Kd2 c6 23. Rxg4 hxg4 24. Rg1 d5 25. Kc1 Qd7 26. Qd1 f5 27. exf5 Qxf5 28. Rxg4 Rf8 29. Rg1 Qf3 30. Qe1 d4 31. Bg5 e4 32. h5 Qf2 33. h6 Be5 34. Qd1 e3 35. Rh1 e2 36. Qe1 Bf4+ 37. Bxf4 Qxf4+ 38. Kb1 Qf1 39. Kc1 Qxh1 40. Qd1 0-1